|
|
|
|
| LEADER |
01235nam a2200253 a 4500 |
| 001 |
2010775 |
| 008 |
091125s1989 bg b 001 0 eng d |
| 010 |
|
|
|a 90901559
|
| 040 |
|
|
|a DLC
|c DLC
|d DLC
|
| 082 |
0 |
0 |
|a 307.72/095492
|2 20
|
| 100 |
1 |
|
|a Khan, Shakeeb Adnan.
|
| 245 |
1 |
4 |
|a The state and village society :
|b the political economy of agricultural development in Bangladesh /
|c Shakeeb Adnan Khan.
|
| 260 |
|
|
|a Dhaka, Bangladesh :
|b University Press,
|c 1989.
|
| 300 |
|
|
|a xi, 189 p. ;
|c 22 cm.
|
| 500 |
|
|
|a Revision of the author's thesis (doctoral--University of York, England, 1986) under the title: The state, village society, and the political economy of agricultural development in Bangladesh, 1960-85.
|
| 504 |
|
|
|a Includes bibliographical references (p. [181]-186) and index.
|
| 541 |
1 |
|
|e 00003563
|
| 650 |
|
0 |
|a Agriculture and state
|z Bangladesh.
|
| 650 |
|
0 |
|a Green Revolution
|z Bangladesh.
|
| 650 |
|
0 |
|a Villages
|x Government policy
|z Bangladesh.
|
| 651 |
|
0 |
|a Bangladesh
|x Social policy.
|
| 852 |
4 |
|
|a Ayesha Abed Library
|j General Shelf
|
| 999 |
|
|
|c 5961
|d 5961
|
| 952 |
|
|
|0 0
|1 0
|2 ddc
|4 0
|6 307_720954920000000_KHA
|7 0
|9 5945
|a BRACUL
|b BRACUL
|c GEN
|d 2009-12-06
|g 300.00
|l 0
|o 307.72095492 KHA
|p 3010003563
|r 2009-12-06
|t 1
|v 600.00
|w 2009-12-06
|y BK
|